Informační systém o životním prostředí.

Informácia o budovaní informačného systému o životnom prostredí na MŽP ČR. Programové ciele ISŽP. Predpokladaná štruktúra užívateľov a poskytované informačné služby. Štruktúra dátovej bázy a terminologická banka.

Saved in:
Bibliographic Details
Main Author: Stárek, Z.
Other Authors: Kopecký, A.
Format: Book Chapter
Language:Czech
Subjects:
Tags: Add Tag
No Tags, Be the first to tag this record!

MARC

LEADER 00000naa a2200000 4500
001 r004726
005 20221125081526.4
041 0 |a cze 
044 |a [CS] 
245 1 0 |a Informační systém o životním prostředí.  |c Z. Stárek, A. Kopecký 
520 |a Informácia o budovaní informačného systému o životnom prostredí na MŽP ČR. Programové ciele ISŽP. Predpokladaná štruktúra užívateľov a poskytované informačné služby. Štruktúra dátovej bázy a terminologická banka. 
610 2 0 |a systémy informačné 
610 2 0 |a prostredie životné 
610 2 0 |a MŽP ČR Praha 
610 2 0 |a služby informačné 
610 2 0 |a báza dát 
100 1 |a Stárek, Z. 
700 1 |a Kopecký, A.